Timeline of Bronze + Early Iron Age (3500BC - 800BC) - Statistics

General Stats
  • This quiz has been taken 256 times
  • The average score is 12 of 22
Answer Stats
Year Question Answer % Correct
3200BC ________ hieroglyphs Egyptian
94%
3500BC Invention of wheel and plough in... Mesopotamia
79%
2000BC Domestication of what animal Horse
76%
814BC Foundation of ________ in modern-day Tunisia Carthage
73%
2500BC _______ goes extinct Mammoth
72%
970BC King _______ begins reign as third King of Israel Solomon
68%
1000BC King _____ begins reign as second King of Israel David
65%
800BC Rise of Greek ____-______ City-states
63%
3200BC Invention of _______ in Mesopotamia Writing
63%
3000BC Founding of the first cities in _______ (modern-day Iraq) Sumeria
60%
1200BC ______ ___ collapse in SW Asia and Eastern Mediterranean Bronze Age
59%
1600BC Beginning of _________ Greece Mycenaean
56%
1600BC Minoan civilisation on Crete is destroyed by... Volcanic eruption (Thera)
55%
2560BC King Khufu completes the... Great Pyramid
53%
1600BC Beginning of _____ Dynasty in China Shang
43%
1100BC Use of ___spreads Iron
41%
3300BC Beginning of _____ ______ civilisation Indus Valley
40%
1046BC ____ Dynasty begins in China Zhou
40%
2700BC ______ civilisation begins Minoan
29%
1800BC __________ writing emerges Alphabetic
23%
890BC Approximate date for the composition of the... Iliad/Odyssey
23%
3000BC __________ construction begins Stonehenge
16%
No matching quizzes found
Score Distribution
Percent of People with Each Score
Percentile by Number Answered
Your Score History
You have not taken this quiz